000 01052nam a22003137a 4500
003 CHAP
005 20220329135747.0
008 971013s1984 r 00010 d
010 _a41637
011 _a42609
035 _a46738
040 _cCHAP
090 _aFolleto 8827
100 0 0 _aErdoiza Sordo, J. J.
_937284
245 _aTratamiento de madera de pino de 2 x 4 pulgadas de sección, con sales hidrosolubles por el método de baño caliente y frío
260 _aXalapa, Ver. :
_bInstituto Nacional de Investigaciones sobre Recursos Bióticos,
_c1984
300 _a7 p.
490 _aNota técnica
_v; 9
590 _aBATCH-UPD
_b10
_c20130110
_lUCH01
_h1852
590 _aBATCH-UPD
_b10
_c20130410
_lUCH01
_h1221
590 _aBATCH-UPD
_b10
_c20130914
_lUCH01
_h1600
590 _aCONVERSION
_b10
_c20130109
_lUCH01
_h1323
650 1 4 _aMadera
_xPreservación.
_969619
650 1 4 _aPináceas.
_988210
830 0 _aNota técnica
_v; 9
_981862
901 _aBK
942 _cFOLL
949 _aFolleto 8827
_bBC
_cFOLL
_d-106496
_eTS1
_i46738
_si
999 _c41637
_d41637